Prospección del fenómeno sociológico / (Record no. 122328)

MARC details
000 -LEADER
campo de control de longitud fija 00565nam a2200169 4500
001 - NÚMERO DE CONTROL
campo de control 122328
003 - IDENTIFICADOR DE NÚMERO DE CONTROL
campo de control ES-MaACL
005 - FECHA Y HORA DE LA ÚLTIMA TRANSACCIÓN
campo de control 20230906191945.0
007 - CAMPO FIJO DE DESCRIPCIÓN FÍSICA--INFORMACIÓN GENERAL
campo de control de longitud fija t|
008 - DATOS DE LONGITUD FIJA--INFORMACIÓN GENERAL
campo de control de longitud fija 070214s1981 sp r ||||1| spa d
100 1# - ENTRADA PRINCIPAL--NOMBRE DE PERSONA
Nombre de persona Prieto Escudero, Germán.
9 (RLIN) 93926
245 10 - MENCIÓN DEL TÍTULO
Título Prospección del fenómeno sociológico /
Mención de responsabilidad, etc. Germán Prieto Escudero.
260 ## - PUBLICACIÓN, DISTRIBUCIÓN, ETC.
Lugar de publicación, distribución, etc. Madrid :
Nombre del editor, distribuidor, etc. [s. n.],
Fecha de publicación, distribución, etc. 1981 (
Fabricante Imp. Taravilla)
300 ## - DESCRIPCIÓN FÍSICA
Extensión 9 h. ;
Dimensiones 24 cm.
500 ## - NOTA GENERAL
Nota general Es tirada aparte de: Revista Internacional de Sociología, 1981, pp. 487 - 504.
852 ## - LOCALIZACIÓN
Ubicación ES-MaACL
Número de control de estantería 2125-F-14
Sublocalización o colección R.104076
Holdings
Estatus retirado Estado de pérdida Estado de daño No para préstamo Colección Biblioteca de origen Biblioteca actual Ubicación en estantería Fecha de adquisición Fuente de adquisición Total de préstamos Signatura topográfica completa Código de barras Visto por última vez Precio de reemplazo Tipo de ítem Koha
        Colección de folletos Biblioteca del Ateneo de Madrid Biblioteca del Ateneo de Madrid Depósito folletos 17/01/2008     2125-F-14 1127472 23/02/2023 23/02/2023 Folleto